000 00509nam a2200181 a 4500
005 20140310183505.0
008 100809s19uu xx 00 eng d
020 _a9781433804618
050 _aRC 489.F45
_b.B758 2010
100 _aBrown, Laura S.
245 _aFeminist therapy. /
_cLaura S. Brown
260 _aWashington D.C :
_bAmerican Psychological Association,
_c2010.
300 _a153 p. :
_c24 cm.
521 _aPSYCH
650 _aFeminist therapy.
942 _cBK
_2lcc
_kFOR
999 _c24037
_d24037